Bác Hồ ở Thái Lan
Wedi'i Gadw mewn:
| Fformat: | Llyfr |
|---|---|
| Iaith: | Undetermined |
| Cyhoeddwyd: |
Thành Phố Hồ Chí Minh
Thành Phố Hồ Chí Minh
2005
|
| Pynciau: | |
| Tagiau: |
Ychwanegu Tag
Dim Tagiau, Byddwch y cyntaf i dagio'r cofnod hwn!
|
| Thư viện lưu trữ: | Trung tâm Học liệu Trường Đại học Cần Thơ |
|---|
| LEADER | 00654nam a2200193Ia 4500 | ||
|---|---|---|---|
| 001 | CTU_137488 | ||
| 008 | 210402s9999 xx 000 0 und d | ||
| 020 | |c 26000 | ||
| 082 | |a 959.7092 | ||
| 082 | |b B101 | ||
| 245 | 0 | |a Bác Hồ ở Thái Lan | |
| 245 | 0 | |c Hãng phim truyền hình thành phố Hồ Chí Minh ; Từ Hậu, Anh Linh kịch bản | |
| 260 | |a Thành Phố Hồ Chí Minh | ||
| 260 | |b Thành Phố Hồ Chí Minh | ||
| 260 | |c 2005 | ||
| 650 | |a Ho Chi Minh,Hồ Chí Minh | ||
| 650 | |x Biography,Tiểu sử | ||
| 904 | |i Tuyến | ||
| 980 | |a Trung tâm Học liệu Trường Đại học Cần Thơ | ||